|
|
|
|
| LEADER |
00000naa2a2200000 4500 |
| 001 |
151728 |
| 005 |
20231227150751.0 |
| 035 |
|
|
|a (RuTPU)RU\TPU\book\164499
|
| 090 |
|
|
|a 151728
|
| 100 |
|
|
|a 20090127d2008 k y0rusy50 ca
|
| 101 |
0 |
|
|a rus
|
| 102 |
|
|
|a RU
|
| 200 |
1 |
|
|a Определение скорости изотопного обмена в амальгамных системах
|f Д. Г. Видяев
|g науч. рук. В. А. Власов
|
| 320 |
|
|
|a Библиогр.: 5 назв.
|
| 461 |
|
1 |
|0 (RuTPU)RU\TPU\book\156858
|t Современные техника и технологии
|o 14 Международная научно-практическая конференция студентов, аспирантов и молодых ученых, г. Томск, 24-28 марта 2008 г.
|o труды
|o в 3 т.
|f Томский политехнический университет (ТПУ)
|d 2008
|
| 463 |
|
0 |
|0 (RuTPU)RU\TPU\book\155178
|t Т. 3
|v С. 26-28
|d 2008
|p 621 с.
|
| 610 |
1 |
|
|a изотопный обмен
|
| 610 |
1 |
|
|a амальгамные системы
|
| 610 |
1 |
|
|a скорость
|
| 610 |
1 |
|
|a плотность
|
| 610 |
1 |
|
|a кинетика обмена
|
| 610 |
1 |
|
|a труды учёных ТПУ
|
| 700 |
|
1 |
|a Видяев
|b Д. Г.
|c физик
|c доцент Томского политехнического университета, доктор технических наук
|f 1973-
|g Дмитрий Геннадьевич
|3 (RuTPU)RU\TPU\pers\28271
|9 13215
|
| 702 |
|
1 |
|a Власов
|b В. А.
|4 727
|
| 801 |
|
1 |
|a RU
|b 63413507
|c 20090127
|g PSBO
|
| 801 |
|
2 |
|a RU
|b 63413507
|c 20160927
|g PSBO
|
| 942 |
|
|
|c BK
|